Gao Yaojie : physician, grandmother, and whistleblower in China's fight against HIV/AIDS : roundtable before the Congressional-Executive Commission on China, One Hundred Eleventh Congress, first session, December 3, 2009.

Bibliographic Details
Corporate Author: United States. Congressional-Executive Commission on China
Format: Government Document eBook
Language:English
Published: Washington : U.S. G.P.O., 2010.
Subjects:
Online Access:Electronic resource (PDF)

MARC

Tag First Indicator Second Indicator Subfields
LEADER 00000cam a22000001a 4500
001 in00004100728
005 20200117091407.0
006 m d f
007 cr bn mmmapmmp
008 100729s2010 dcu o f000 0 eng d
035 |a chdc201000957 
040 |a UMI  |c UMI  |d UtOrBLW 
042 |a pcc 
043 |a a-cc--- 
074 |a 1009-C-14 
086 0 |a Y 4.C 44:G 15 
110 1 |a United States.  |b Congressional-Executive Commission on China.  |0 http://id.loc.gov/authorities/names/no2002054400 
245 1 0 |a Gao Yaojie :  |b physician, grandmother, and whistleblower in China's fight against HIV/AIDS : roundtable before the Congressional-Executive Commission on China, One Hundred Eleventh Congress, first session, December 3, 2009. 
264 1 |a Washington :  |b U.S. G.P.O.,  |c 2010. 
264 2 |a Washington :  |b For sale by the Supt. of Docs., U.S. G.P.O. 
300 |a ii, 29 pages, digital, PDF file. 
336 |a text  |b txt  |2 rdacontent 
337 |a computer  |b c  |2 rdamedia 
338 |a online resource  |b cr  |2 rdacarrier 
500 |a Shipping list number: 2010-0268-P. 
500 |a Record is based on bibliographic data in ProQuest Congressional Hearings Digital Collection. Reuse except for individual research requires license from ProQuest, LLC. 
500 |a Electronic resource. 
533 |a Electronic reproduction.  |b [Bethesda, Md.] :  |c ProQuest,  |d 2010.  |e digital, PDF file.  |n ProQuest U.S. Congressional Hearings Digital Collection.  |n Mode of access: World Wide Web via ProQuest website. 
538 |a System requirements: PDF reader software. 
600 1 0 |a Gao, Yaojie,  |d 1927-  |0 http://id.loc.gov/authorities/names/n2005090509 
650 0 |a AIDS (Disease)  |z China. 
650 0 |a HIV infections  |z China. 
650 0 |a HIV (Viruses)  |z China. 
650 0 |a HIV (Viruses)  |x Government policy  |z China. 
776 0 8 |i Print version:   |a United States. Congressional-Executive Commission on China.  |t Gao Yaojie  |w 9780160858024  |w 016085802X  |w (OCoLC)ocn641550173  |z 2010443928 
776 0 8 |i Microfiche version:   |a United States. Congressional-Executive Commission on China.  |t Gao Yaojie  |d [Bethesda, Md.] : ProQuest,[2010]  |o CIS 2010 J891-28  |w (ProQuest)cis01001850  
856 4 0 |u http://proxy.library.tamu.edu/login?url=http://search.proquest.com/congcomp/getdoc?HEARING-ID=HRG-2009-EEC-0013  |y Electronic resource (PDF)  |t 0 
998 |a cis01001850  
999 f f |s 9e2cb744-b66c-3e77-ba5f-422115020fc9  |i 9632da58-cca3-3bf4-ab80-048313ebf850  |t 0 
952 f f |a Texas A&M University  |b College Station  |c Electronic Resources  |d Available Online  |t 0  |e Y 4.C 44:G 15  |h Superintendent of Documents classification 
998 f f |a Y 4.C 44:G 15  |t 0  |l Available Online